|
|
|
|
| LEADER |
00000nab a2200000 a 4500 |
| 001 |
vtls000037572 |
| 003 |
SK-MaSNL |
| 005 |
20260303023309.0 |
| 008 |
111103c1979 xo 0 slo |
| 015 |
|
|
|a SNBRB19rr/mm-uuuuu
|
| 035 |
|
|
|a CL0047667
|
| 040 |
|
|
|a SNKBUCL
|b slo
|c SNKBUCL
|e AACR2
|
| 041 |
0 |
|
|a slo
|
| 044 |
|
|
|a xo
|c SK
|
| 080 |
|
|
|a 361/362
|2 1981
|
| 080 |
|
|
|a 331.2
|2 1981
|
| 100 |
1 |
|
|a Oláh, G.
|4 aut
|9 1000838
|
| 245 |
1 |
0 |
|a Peňažná pomoc v materstve
|c G. Oláh, Z. Čipková
|
| 300 |
|
|
|b Obr. 1.
|
| 650 |
0 |
7 |
|a materstvo
|2 snkbucl
|9 18851
|
| 655 |
|
7 |
|a články z novín a časopisov
|2 snkbucl
|9 267496
|
| 700 |
1 |
|
|a Čipková, Z.
|4 aut
|9 1006001
|
| 773 |
0 |
|
|t Funkcionárka
|g Č. 7-8 (28. 8. 1979), s. 43
|
| 850 |
|
|
|a Slovenská národná knižnica v Martine
|a MTA001
|
| 852 |
|
|
|a SNK
|b KIS3GCP
|
| 958 |
|
|
|a RK
|
| 992 |
|
|
|a RBX
|
| 999 |
|
|
|c 1633713
|d 1635643
|